BIBLIOTECA

SENCICO

Mecánica para ingeniería : Estática (Registro nro. 1006)

Detalles MARC
000 -LEADER
fixed length control field 00842nam a2200253Ia 4500
005 - DATE AND TIME OF LATEST TRANSACTION
control field 20251020182456.0
008 - FIXED-LENGTH DATA ELEMENTS--GENERAL INFORMATION
fixed length control field 200515s9999 xx 000 0 und d
020 ## - INTERNATIONAL STANDARD BOOK NUMBER
International Standard Book Number 0-201-65367-2
082 ## - DEWEY DECIMAL CLASSIFICATION NUMBER
Classification number 624.0411/B32
100 ## - MAIN ENTRY--PERSONAL NAME
Personal name Bedford, Anthony
100 ## - MAIN ENTRY--PERSONAL NAME
Personal name Fowler, Wallace
245 #0 - TITLE STATEMENT
Title Mecánica para ingeniería : Estática
260 ## - PUBLICATION, DISTRIBUTION, ETC.
Place of publication, distribution, etc. Wilmington
260 ## - PUBLICATION, DISTRIBUTION, ETC.
Name of publisher, distributor, etc. Addison-Wesley Iberoamericana
260 ## - PUBLICATION, DISTRIBUTION, ETC.
Date of publication, distribution, etc. 1996
300 ## - PHYSICAL DESCRIPTION
Extent 606 p.
300 ## - PHYSICAL DESCRIPTION
Other physical details il., col., tbl., graf.
500 ## - GENERAL NOTE
General note 1 ejemplar
520 ## - SUMMARY, ETC.
Summary, etc. Contiene: Ingeniería mecánica. Vectores. Fuerzas, Sistemas de fuerza y momentos. Cuerpos en equilibrio. Centroides y centros de masa. Momentos de inercia. Fuerzas distribuidas. Fricción. Trabajo virtual y energía potencial.
650 ## - SUBJECT ADDED ENTRY--TOPICAL TERM
Topical term or geographic name entry element ESTATICA
650 ## - SUBJECT ADDED ENTRY--TOPICAL TERM
Topical term or geographic name entry element MECANICA VECTORIAL
942 ## - ADDED ENTRY ELEMENTS (KOHA)
Koha item type Libros
Existencias
Fecha de la última vez que lo usaron Pago total Signatura topográfica completa Código de barras Precio efectivo desde Tipo de documento Estado perdido Estado dañado No es para préstamo Retirado Ubicación permanente Ubicación actual Fecha de adquisición
15/05/2020   624.0411/B32 Bib-Lima15051006 15/05/2020 Libros         Biblioteca Central Lima Biblioteca Central Lima 15/05/2020